000 00273nam a22001337a 4500
008 170130b xxu||||| |||| 00| 0 eng d
020 _a9780078051036
041 _aeng
080 _a61
100 _a3
101 _ashm
245 _aHEALTH
_cDANIEL, E.L
942 _2udc
_cBK
999 _c3939
_d3939